[Event "RUS-chT U11 Girls"]
[Site "Sochi"]
[Date "2019.05.03"]
[Round "3.3"]
[White "Svyatopolk Chetvertynskaya, Vasilisa"]
[Black "Shadrintseva, Alisa"]
[Result "1/2-1/2"]
[WhiteElo "1121"]
[BlackElo "1094"]
[PlyCount "114"]
[EventDate "2019.05.10"]
[EventType "team-tourn"]
[EventRounds "9"]
[EventCountry "RUS"]
[SourceTitle "EXT 2022"]
[Source "ChessBase"]
[SourceDate "2021.10.06"]
[SourceVersion "1"]
[SourceVersionDate "2021.10.06"]
[SourceQuality "1"]

1. c4 e5 2. Nc3 Nc6 3. Nf3 Nf6 4. a3 g6 5. e3 Bg7 6. Be2 0-0 7. 0-0 d6 8. d4 exd4 9. exd4 d5 10. Bg5 dxc4 11. Bxc4 h6 12. Bf4 Bg4 13. d5 Ne7 14. h3 Bf5 15. Qd2 g5 16. d6 cxd6 17. Bxd6 Re8 18. Rad1 Nc8 19. Nb5 Ne4 20. Qd5 Nexd6 21. Nxd6 Nxd6 22. Qxd6 Qxd6 23. Rxd6 Be6 24. Bxe6 Rxe6 25. Rxe6 fxe6 26. b4 b6 27. Rd1 a5 28. Rd6 axb4 29. axb4 b5 30. Rxe6 Ra4 31. Rb6 Rxb4 32. Kf1 Rb1+ 33. Ke2 b4 34. Kd3 b3 35. Nd2 Rd1 36. Rxb3 Bf8 37. Ke2 Ra1 38. Rb8 Kg7 39. Ne4 Ra2+ 40. Kf3 Ra3+ 41. Kg4 Ra4 42. f3 Bd6 43. Rb7+ Kg6 44. h4 h5+ 45. Kh3 g4+ 46. fxg4 Ra3+ 47. g3 hxg4+ 48. Kxg4 Ra4 49. h5+ Kh6 50. Kf5 Ra5+ 51. Kf6 Be5+ 52. Ke6 Kxh5 53. Rh7+ Kg4 54. Rh4+ Kf3 55. Nd2+ Kxg3 56. Rh5 Ra6+ 57. Kf5 Bc7 1/2-1/2